000
002390000a22000970004500
100
1
_a
Baker, John P.
245
1
0
_a
Biblical attitudes to romantic love
300
_a
Num. 35 (1984), Páginas 91-128
773
0
_t
Tyndale Bulletin
942
_c
ANA
999
_c
56673
_d
56673